000 00414nam a2200181Ia 4500
001 10243
005 20260306161817.0
008 260306t2011||||xx |||||||||||||| ||spa||
041 _aESP
082 _a909.82
_bH62
100 _aHobsbawm, Eric
_eAUT
245 0 _aHistoria del siglo XX
260 _c2011
300 _a612 páginas :
_c23 cm.
650 _aGEN
654 _aCHU
942 _cLIB
_dJUS
_fJUS
_2ddc
_n
999 _c10243
_d10243